000 00674nam a22001817a 4500
999 _c63233
_d63233
003 Ge_BSU
005 20250702122437.0
008 250702s1960 ge ||||| |||| 00| 0 geo d
041 _ageo
080 _a331.106.24 ნ-44
100 _aნეიძე, ე.
_9877
245 _aკოლექტიური ხელშეკრულება /
_bე. ნეიძე
264 _aთბილისი :
_b თბილ. უნ-ტის გამ-ბა და სტ.,
_c1960.
300 _a110 გვ. ;
_b 21 სმ.
653 _aკოლექტიური ხელშეკრულება.
653 _aშრომა
942 _2udc
_cᲬᲘᲒᲜᲘ